| 000 | 00494 a2200169 4500 | ||
|---|---|---|---|
| 005 | 20250618152304.0 | ||
| 020 | _a978-0-273-71939-7 | ||
| 082 | _a658.3 ROB | ||
| 100 | _aROBBINS, S.P. | ||
| 245 | _aOrganizational Behaviour | ||
| 250 | _a13th Ed. | ||
| 260 |
_aEngland, _bPearson Education Limited, _c2010. |
||
| 300 |
_axxvii,589p.:ill.;figures, pictures, tables _bBibliography,Glossary and Index _c26.5cm |
||
| 700 | _aJudge, Timothy A. | ||
| 700 | _aCampbell, Timothy T. | ||
| 942 |
_2ddc _cBKS |
||
| 999 |
_c4322 _d4322 |
||